Sistemas de Control Moderno / Richard C. Dorf (Registro nro. 22699)

Detalles MARC
000 -LÍDER
fixed length control field 00495nam a2200169 4500
008 - ELEMENTOS DE LONGITUD FIJA -- INFORMACIÓN GENERAL
fixed length control field 0 2005 0a 000 0ESP
020 ## - NÚMERO INTERNACIONAL NORMALIZADO PARA LIBROS
ISBN 84-205-4401-9, 978-84-205-4401-4
050 ## - SIGNATURA TOPOGRAFICA DE LA BIBLIOTECA DEL CONGRESO (LC)
Número de Clasificación TJ216 D67 2005
082 ## - NUMERO DE CLASIFICACION DECIMAL DEWEY
Número de Clasificación 629.83 D693s
100 ## - ASIENTO PRINCIPAL--NOMBRE PERSONAL
Nombre personal Dorf, Richard C.
245 ## - TÍTULO
Título Sistemas de Control Moderno / Richard C. Dorf
250 ## - MENCIÓN DE EDICIÓN
Mención de edición 10
260 ## - PUBLICACIÓN, DISTRIBUCIÓN, ETC. (PIE DE IMPRENTA)
Lugar de publicación, distribución, etc. España : Prentice- Hall
300 ## - DESCRIPCIÓN FÍSICA
Extensión xv, 882p. / 25 cm.
650 ## - ASIENTO SECUNDARIO DE MATERIA - TERMINO TEMÁTICO
Término temático o nombre geográfico como elemento de entrada 1. SISTEMAS DE CONTROL
700 ## - ASIENTO SECUNDARIO - NOMBRE PERSONAL
Nombre personal I. Robert H. Bishop Coaut.
Existencias
No. biblioteca No. biblioteca Número de clasificación Código de barras/Número de adquisición Número de copia Tipo de material
LUIS G. INCLAN LUIS G. INCLAN 629.83 D693s 48819 1 Libros
ÁREA DE INDUSTRIAL LUIS G. INCLAN 629.83 D693s 52510 2 Libros
ÁREA DE ELECTROMECÁNICA LUIS G. INCLAN 629.83 D693s 52631 3 Libros
ÁREA DE ELECTROMECÁNICA LUIS G. INCLAN 629.83 D693s 52632 4 Libros
ÁREA DE ELECTROMECÁNICA ÁREA DE ELECTROMECÁNICA 629.83 D693s 52633 5 Libros
ÁREA DE ELECTROMECÁNICA ÁREA DE ELECTROMECÁNICA 629.83 D693s 52634 6 Libros
Calzada Tecnológico # 27, Zacatepec, Morelos.
01(734) 343-07-23 / 343-21-10 / 343-21-11
Apdo. Postal 45 C.P 62780